000 00954nac a22003017a 4500
001 BR8207145
003 BR-BrBNA
005 20240105115558.0
008 230509b bl.|||m| |||| 00| 0 por d
040 _aBR-BrBNA
_bpor
_cBiblioteca Nacional de Agricultura
072 _aK50
090 _a8912 BR8207145
100 1 _aZvinakevicius, C.
100 1 _aKato, J.
100 1 _aPimenta, D.L.
100 1 _aMello, M.J.F. da C.
110 1 _aCelulose Nipo-Brasileira S.A., Belo Oriente, MG (Brasil)
_91355
245 1 _aEstudo da utilizacao de aditivos nos estagios precoces do branqueamento [polpa, industria florestal]
260 3 _aBelo Oriente, MG (Brasil):
_c1982.
300 _a39 p.
490 _aCENIBRA Pesquisa. Serie 2 (Brazil)
_vno. 38
_x
500 _a11 graphs; 22 tables; 8 ref.
650 _aPOLPA
650 _aCLARIFICACAO
650 _aADITIVO
909 _a202312
_bLúcia Elande
_c55
_dLúcia Elande
942 _2AGRIS
_n0
_cMS
999 _c275413
_d275413